فورتران 77 مع تطبيقات علميه وهندسيه / (رقم التسجيلة. 8083)
[ عرض عادي ]
| 000 -الفاتح | |
|---|---|
| حقل البيانات ثابتة الطول | 00809cam a2200229 4500 |
| 003 - محدد رقم الضبط | |
| رقم الضبط | OSt |
| 005 - وقت وتاريخ اخر تعامل مع التسجيلة | |
| رقم الضبط | 20150408113829.0 |
| 008 - عناصر البيانات ثابتة الطول - معلومات عامة | |
| حقل البيانات ثابتة الطول | S1987 0 a 0000 00ARA0d |
| 040 ## - مصدر الفهرسة | |
| وكالة الفهرسة الأصلية | mu |
| لغة الفهرسة | ara |
| وكالة النسخ | mb |
| 082 ## - رقم تصنيف ديوى العشرى | |
| رقم التصنيف | 001.6424 م ع ف |
| 100 ## - المدخل الرئيسى - إسم شخصى | |
| الإسم الشخصى | منصور، عوض |
| 9 (RLIN) | 4329 |
| 245 10 - بيان العنوان | |
| العنوان | فورتران 77 مع تطبيقات علميه وهندسيه / |
| بيان المسئوليه,etc | عوض منصور |
| 250 ## - بيان الطبعة | |
| بيان الطبعة | ط 7 |
| 260 01 - PUBLICATION, DISTRIBUTION, ETC. (IMPRINT) | |
| مكان الناشر او الموزع | عمان (الاردن) : |
| اسم الناشر او الموزع | دار الفرقان, |
| تاريخ النشر أو التوزيع | 1999 |
| 300 ## - الوصف المادى | |
| التعداد | 465 ص ؛ |
| أبعاد الوعاء | 24 سم |
| 500 ## - تبصرة عامة | |
| تبصرة عامة | معجم كلمات : ص. 455-465. |
| 504 ## - تبصرة ببليوجرافية | |
| تبصرة ببليوجرافية,الخ | ببليوجرافية : ص. 454. |
| 650 #0 - المدخل الاضافى بالموضوع-مصطلح موضوعى | |
| مصطلح موضوعي أو اسم جغرافي كعنصر مدخل | الحاسبات الاليه |
| التقسيم الفرعي العام | لغات |
| 9 (RLIN) | 4331 |
| 650 #4 - المدخل الاضافى بالموضوع-مصطلح موضوعى | |
| مصطلح موضوعي أو اسم جغرافي كعنصر مدخل | الحاسبات الاليه |
| التقسيم الفرعي العام | برامج |
| 9 (RLIN) | 4332 |
| 650 ## - المدخل الاضافى بالموضوع-مصطلح موضوعى | |
| مصطلح موضوعي أو اسم جغرافي كعنصر مدخل | فورتران (لغة برمجة حاسوب) |
| 9 (RLIN) | 4333 |
| 942 ## - عناصر المدخل الإضافي( كوها) | |
| مصدر التصنيف او مخطط الترفيف | Dewey Decimal Classification |
| Koha [default] item type | كتاب |
| حالة الفقد | نموذج السعر الفعال | حالة تلف | ليس للاعارة | رقم الطلب | تاريخ الاكتساب | الموقع الحالي | الباركود | الفرع الرئيسي | Date last seen | نوع المادة فى نظام كوها | مصدر التصنيف او خطة الترفيف | Total Checkouts |
|---|---|---|---|---|---|---|---|---|---|---|---|---|
| 2013-03-10 | 001.6424 م ع ف | 2011-09-12 | المكتبة المركزية بالمجمعة (CL) | 00041381 | المكتبة المركزية بالمجمعة (CL) | 2013-03-10 | كتاب | Dewey Decimal Classification | ||||
| 2013-03-10 | 001.6424 م ع ف | 2011-09-12 | المكتبة المركزية بالمجمعة (CL) | 00041382 | المكتبة المركزية بالمجمعة (CL) | 2013-03-10 | كتاب | Dewey Decimal Classification | ||||
| 2013-03-10 | 001.6424 م ع ف | 2011-09-12 | المكتبة المركزية بالمجمعة (CL) | 00041379 | المكتبة المركزية بالمجمعة (CL) | 2013-03-10 | كتاب | Dewey Decimal Classification |
